000 00461nam a2200181Ia 4500
001 30565
008 140416s9999 xx 000 0 und d
020 _a0-87581-443-3
040 _cPK-LaUMT
082 _a 306
_bROB-C
100 _aRichard H. Robbins
245 _aCultural anthropology
_ba problem-based approach
_cRichard H. Robbins
250 _a3rd
260 _aIllinois,USA:
_bF. E. Peaccok,
_c2001
300 _a299 p.
546 _aEN
942 _cBK
999 _c30688
_d30688